000 00289nam a2200133 i 4500
001 bg
245 0 _aPumpen Technisches Handbuch.
250 _a4 bearb. Aufl.
260 _aBerlin,
_c1972.
040 _cBPK
041 _apol
942 _cKS
008 s pl f |000 0 pol
999 _c15485
_d15485
856 _uhttp://koha.tu.koszalin.pl/cgi-bin/koha/opac-detail.pl?biblionumber=15485
_yKatalog online BPK